| 000 | 00464 a2200145 4500 | ||
|---|---|---|---|
| 999 |
_c9859 _d9859 |
||
| 020 | _aNO ISBN | ||
| 050 | _aKTL2790ZIM2016 | ||
| 110 | _aInternational Commission Of Jurists | ||
| 245 |
_aZimbabw : Judicial Needs Assessment Report / _cInternational Commission of Jurists |
||
| 264 |
_aGeneva: _bInternational Commission of Jurists, _cc2016 |
||
| 300 | _a69p. : | ||
| 500 | _aincludes table of contents | ||
| 650 | _ajudicial law | ||
| 942 |
_2lcc _cBK _h2790 _iZIM _kKTL |
||